000 00393nam a2200157Ia 4500
008 130318s9999 xx 000 0 und d
020 _a9788131502006
082 _a005.18 AYA/T
100 _aAyala, Kenneth
245 _aThe 8051 microcontroller
250 _a3
260 _bCengage
_aAustralia
_c2005
300 _a412
_e1 CD
650 _aEMBEDDED SYSTEM
650 _aREAL TIME PROGRAMMING
999 _c1793
_d1793